<?xml version="1.0" encoding="UTF-8"?>
<collection xmlns="http://www.loc.gov/MARC21/slim">
 <record>
  <leader>01360nam a2200181Ia 4500</leader>
  <controlfield tag="001">CTU_181457</controlfield>
  <controlfield tag="008">210402s9999    xx            000 0 und d</controlfield>
  <datafield tag="082" ind1=" " ind2=" ">
   <subfield code="a">330.05</subfield>
  </datafield>
  <datafield tag="082" ind1=" " ind2=" ">
   <subfield code="b">J86</subfield>
  </datafield>
  <datafield tag="245" ind1=" " ind2="4">
   <subfield code="a">The journal of Economic perspectives</subfield>
  </datafield>
  <datafield tag="245" ind1=" " ind2="2">
   <subfield code="b">A journal of the American Economic Association.</subfield>
  </datafield>
  <datafield tag="260" ind1=" " ind2=" ">
   <subfield code="a">Nashville</subfield>
  </datafield>
  <datafield tag="260" ind1=" " ind2=" ">
   <subfield code="b">American Economic Association</subfield>
  </datafield>
  <datafield tag="260" ind1=" " ind2=" ">
   <subfield code="c">1999</subfield>
  </datafield>
  <datafield tag="520" ind1=" " ind2=" ">
   <subfield code="a">The Journal of Economic Perspectives fills a gap between the general interest press and most academic economics journals. It offers policymakers, educators, students, and economic practitioners well-written and well-chosen analytical essays that focus the lens of economic reasoning on topics across the social sciences. It draws attention to newly important topics, not yet covered in the referred journals; informs and shapes the debate on public issues; provides readings for classroom use; and addresses matters relating to the economics profession. Most papers are solicited, from experts in the field. This journal--the most accessible of all seven American Economic Association academic journals--exposes the power, utility, and beauty of clear economic insight.</subfield>
  </datafield>
  <datafield tag="650" ind1=" " ind2=" ">
   <subfield code="a">Regional economics,Economic development,Kinh tế khu vực,Sự phát triển kinh tế</subfield>
  </datafield>
  <datafield tag="904" ind1=" " ind2=" ">
   <subfield code="i">Thy</subfield>
  </datafield>
  <datafield tag="980" ind1=" " ind2=" ">
   <subfield code="a">Trung tâm Học liệu Trường Đại học Cần Thơ</subfield>
  </datafield>
 </record>
</collection>
